=LDR 00000nam 2200000 4500 =001 INLIS000000000809604 =008 ###################################ind## =035 ##$$a 0010-0825000097 =245 ##$$a Pembangunan Karakter Pada Anak Manajemen Pembelajaran Guru Menuju Sekolah Efektif / $c Najib Sulhan =260 ##$$b Penerbit SIC =020 ##$$a 9799415845 =084 ##$$a 646,2 SUL p =520 ##$$a Latihan moral, agama watak =082 ##$$a 646.2